000 00820nam a2200229 a 4500
999 _c11480
_d11480
001 11480
003 BD-JhCC
005 20230208134023.0
008 190626b 2018bg |||| ||a| 000 0 ben d
020 _a9789849328216
035 _a(BD-JhCC)14480
040 _aBD-JhCC
_dBD-JhCC
041 _aben
082 _a297
_bJAH 2018
100 _aজাহাঙ্গীর, খোন্দকার আব্দুলাহ
245 _aজিজ্ঞাসা ও জবাব /
_cখোন্দকার আব্দুলাহ জাহাঙ্গীর ।
260 _aঝিনাইদহঃ
_bআস-সুন্নাহ পাবলিকেশন্স;
_c২০১৬.
300 _a১৬০ পৃ. :
_c২২ সেমি।
650 _aIslam
942 _2ddc
_cBK
_028